000 00428cam a22001337a 4500
008 180718b1960 xxu||||| |||| 00| 0 eng d
082 _aB12x56 B145
100 _aBaer, Gabriel
245 _aPopulation and society in the Arab east
_cby Gabriel Baer and translated by Hanna Szoke
260 _aLondon
_bRoutledge & Kegan Paul
_c1960
300 _axii,275p
650 _aMiddle East -Social conditions.
700 _aSzoke, Hanna,tr
999 _c417463
_d417463